000 00895cam a2200277 a 4500
999 _c2978
_d2978
001 2978
003 BD-JhCC
005 20221124134023.0
008 960502s1996 gau 000 0 eng
020 _a9780671015206
035 _a(BD-JhCC)2978
040 _aDLC
_cDLC
_dDLC
041 _aeng
050 0 0 _aHC110.W4
_bS73 1996
082 _bSTA 1996
_a332.0973
100 1 _aStanley, Thomas J.
245 1 4 _aThe millionaire next door :
_bthe surprising secrets of America's wealthy /
_cThomas J. Stanley, William D. Danko.
260 _aAtlanta, Ga. :
_bLongstreet Press,
_cc1996.
300 _a258 p. ;
_c21 cm.
650 0 _aRich people
_zUnited States.
650 0 _aMillionaires
_zUnited States.
700 1 _aDanko, William D.
856 4 2 _3Contributor biographical information
_uhttp://www.loc.gov/catdir/enhancements/fy1115/96076497-b.html
942 _2ddc
_cBK
_02